000
00327nam a2200109Ia 4500
008
200302s9999 xx 000 0 und d
100
_a
Oriel Prizeman
245
_a
Sustainable building conservation thory and parctice of rsponsive design in the heritage environment
260
_b
RIBA Publishing
260
_c
2015
300
_a
274
999
_c
6496
_d
6496